000 00684nam a2200241Ia 4500
003 OSt
005 20220925204919.0
006 a|||||r|||| 00| 0
007 ta
008 220923b |||||||| |||| 00| 0 eng d
037 _cGeneral Book
040 _aRTL
_cRTL
_beng
041 _2eng
_aeng
082 _aY7:3(L7), L6
100 _aWestermeyer Joseph Ed.
_9269267
245 0 _aAnthropology and mental health
_b Setting a new cour
260 _aHague
_bMouton
_c1976
300 _a319p
_ccm.
490 _aWorld Anthropology ed by Sol Tax
650 _aRace
942 _hY7:3(L7), L6
_cGB
_2CC
999 _c550788
_d550788